[Event "FRA-ch Blitz Online Qual"]
[Site "Europe Echecs INT"]
[Date "2020.05.16"]
[Round "10"]
[White "Luminais, Eric"]
[Black "Gordon, James"]
[Result "1/2-1/2"]
[WhiteElo "2161"]
[BlackElo "1775"]
[PlyCount "101"]
[EventDate "2020.05.16"]
[EventType "swiss (blitz)"]
[EventRounds "15"]
[EventCountry "FRA"]
[SourceTitle "CBM 196 Extra"]
[Source "ChessBase"]
[SourceDate "2020.07.31"]
[SourceVersion "1"]
[SourceVersionDate "2020.07.31"]
[SourceQuality "1"]

1. c4 e5 2. Nc3 Nc6 3. g3 f5 4. Bg2 Nf6 5. e3 d5 6. cxd5 Nb4 7. Qa4+ Bd7 8. Qb3 Nd3+ 9. Ke2 e4 10. f3 Nc5 11. Qc2 Be7 12. b4 Nd3 13. a3 c6 14. fxe4 fxe4 15. Nxe4 Ne5 16. d4 Bg4+ 17. Ke1 Ng6 18. dxc6 0-0 19. cxb7 Rb8 20. Nc5 Bxc5 21. bxc5 Nd5 22. Qe4 Nf6 23. Qb1 Kh8 24. Ne2 Nd5 25. Qe4 Nf6 26. Qc2 Nd5 27. Rb1 Bf3 28. Nf4 Ngxf4 29. Bxf3 Nh3 30. Qg2 Rxf3 31. Qxf3 Nc3 32. Rb3 Na4 33. Bd2 Ng5 34. Qf4 Ne6 35. Qd6 Qe8 36. Rf1 Nb6 37. cxb6 axb6 38. Rxb6 Nf8 39. Rxf8+ Qxf8 40. Qxf8+ Rxf8 41. b8Q Kg8 42. Qxf8+ Kxf8 43. Rb7 Ke8 44. a4 Kd8 45. a5 Kc8 46. a6 g5 47. d5 h6 48. e4 h5 49. e5 h4 50. g4 h3 51. Bxg5 1/2-1/2

[Event "FRA-ch Blitz Online Qual"]
[Site "Europe Echecs INT"]
[Date "2020.05.16"]
[Round "8"]
[White "Luminais, Eric"]
[Black "Lagarde, Maxime"]
[Result "0-1"]
[WhiteElo "2161"]
[BlackElo "2655"]
[PlyCount "68"]
[EventDate "2020.05.16"]
[EventType "swiss (blitz)"]
[EventRounds "15"]
[EventCountry "FRA"]
[SourceTitle "CBM 196 Extra"]
[Source "ChessBase"]
[SourceDate "2020.07.31"]
[SourceVersion "1"]
[SourceVersionDate "2020.07.31"]
[SourceQuality "1"]

1. c4 Nc6 2. Nc3 e5 3. g3 Bc5 4. Bg2 d6 5. e3 a6 6. Nge2 Ba7 7. Rb1 h5 8. h3 h4 9. g4 f5 10. gxf5 Bxf5 11. d3 Nf6 12. b4 0-0 13. a4 a5 14. b5 Nb4 15. e4 Be6 16. 0-0 Nh5 17. Be3 Bxe3 18. fxe3 Qg5 19. Kh2 Qxe3 20. Qc1 Qxc1 21. Nxc1 Rxf1 22. Bxf1 Rf8 23. Kg1 Ng3 24. Bg2 g5 25. Rb2 g4 26. hxg4 Bxg4 27. Rf2 Rf4 28. Nd5 Nxd5 29. exd5 b6 30. Rd2 Kg7 31. Kh2 Kf6 32. Bh3 Nf1+ 33. Bxf1 Rxf1 34. Kg2 Rxc1 0-1

[Event "FRA-ch Blitz Online Qual"]
[Site "Europe Echecs INT"]
[Date "2020.05.16"]
[Round "4"]
[White "Luminais, Eric"]
[Black "Louvrier Saint Mary, Jean Roger"]
[Result "1-0"]
[WhiteElo "2161"]
[BlackElo "1780"]
[PlyCount "57"]
[EventDate "2020.05.16"]
[EventType "swiss (blitz)"]
[EventRounds "15"]
[EventCountry "FRA"]
[SourceTitle "CBM 196 Extra"]
[Source "ChessBase"]
[SourceDate "2020.07.31"]
[SourceVersion "1"]
[SourceVersionDate "2020.07.31"]
[SourceQuality "1"]

1. c4 f5 2. Nc3 Nf6 3. g3 b6 4. Bg2 Nc6 5. b4 Rb8 6. a3 g6 7. Bb2 Bg7 8. Nd5 0-0 9. Nxf6+ Bxf6 10. Bxf6 Rxf6 11. d4 f4 12. g4 e5 13. Bxc6 dxc6 14. dxe5 Qxd1+ 15. Rxd1 Re6 16. Rd8+ Kg7 17. Nf3 h6 18. 0-0 c5 19. b5 Kf7 20. Rfd1 a6 21. Rh8 Re8 22. Rxh6 Kg7 23. g5 axb5 24. cxb5 Ra8 25. Nh4 Re6 26. Rd8 Bb7 27. Rd7+ Kg8 28. Nxg6 Rxa3 29. Rh8# 1-0

[Event "FRA-chT1 1011"]
[Site "France"]
[Date "2010.11.13"]
[Round "2.4"]
[White "Luminais, Eric"]
[Black "Knecht, Alain"]
[Result "1-0"]
[WhiteElo "2182"]
[BlackElo "2203"]
[PlyCount "80"]
[EventDate "2010.10.17"]
[EventType "team-tourn"]
[EventRounds "11"]
[EventCountry "FRA"]
[SourceTitle "EXT 2012"]
[Source "ChessBase"]
[SourceDate "2011.11.24"]
[SourceVersion "1"]
[SourceVersionDate "2011.11.24"]
[SourceQuality "1"]

1. d4 d5 2. Nf3 c6 3. e3 e6 4. c4 f5 5. Ne5 Nf6 6. Nc3 Bd6 7. Bd3 Bxe5 8. dxe5 Ng4 9. f4 0-0 10. Qf3 dxc4 11. Bxc4 Nxe5 12. Qe2 Nxc4 13. Qxc4 b5 14. Qb3 a5 15. 0-0 Qb6 16. Kh1 a4 17. Qc2 b4 18. Nd1 c5 19. e4 fxe4 20. Be3 Nd7 21. Nf2 Bb7 22. Rfd1 Bd5 23. Nxe4 b3 24. Qf2 Qc6 25. Nc3 Nf6 26. h3 bxa2 27. Bxc5 Bxg2+ 28. Kh2 Rfc8 29. Bd4 Be4 30. Bxf6 gxf6 31. Qh4 Bg6 32. f5 Bxf5 33. Nd5 Qc2+ 34. Kg1 Qc5+ 35. Kf1 Qc6 36. Kg1 Qc5+ 37. Kh1 Rf8 38. Nxf6+ Kh8 39. Nd7 Qc6+ 40. Kg1 Rfd8 1-0

[Event "FRA-chT2 0910"]
[Site "France"]
[Date "2010.01.24"]
[Round "7.3"]
[White "Dezaele, Christophe"]
[Black "Luminais, Eric"]
[Result "0-1"]
[WhiteElo "2136"]
[BlackElo "2206"]
[PlyCount "60"]
[EventDate "2009.09.27"]
[EventType "team-tourn"]
[EventRounds "11"]
[EventCountry "FRA"]
[SourceTitle "EXT 2011"]
[Source "ChessBase"]
[SourceDate "2010.11.26"]
[SourceVersion "1"]
[SourceVersionDate "2010.11.26"]
[SourceQuality "1"]

1. d4 d5 2. Nf3 e6 3. g3 Nf6 4. Bg2 Be7 5. 0-0 0-0 6. c4 Nbd7 7. Qc2 c5 8. b3 b6 9. Bb2 Bb7 10. cxd5 Nxd5 11. dxc5 Bxc5 12. Nbd2 Rc8 13. Qe4 Qe7 14. Qg4 f5 15. Qh5 N7f6 16. Qh4 Ba6 17. Nc4 b5 18. Nce5 b4 19. Nc4 Nc3 20. Rfe1 Bxc4 21. bxc4 e5 22. Bh3 e4 23. Bxf5 exf3 24. exf3 Bxf2+ 25. Kf1 Bxe1 26. Rxe1 Qb7 27. Kf2 Rcd8 28. Bc1 Rd1 29. Bxh7+ Nxh7 30. Re7 Qxf3# 0-1

[Event "FRA-chT2 0910"]
[Site "France"]
[Date "2009.11.22"]
[Round "4.4"]
[White "Luminais, Eric"]
[Black "Daumens, Michel"]
[Result "0-1"]
[WhiteElo "2183"]
[BlackElo "2134"]
[PlyCount "112"]
[EventDate "2009.09.27"]
[EventType "team-tourn"]
[EventRounds "11"]
[EventCountry "FRA"]
[SourceTitle "EXT 2011"]
[Source "ChessBase"]
[SourceDate "2010.11.26"]
[SourceVersion "1"]
[SourceVersionDate "2010.11.26"]
[SourceQuality "1"]

1. c4 Nf6 2. Nf3 e6 3. e3 d5 4. Nc3 c6 5. Be2 Bd6 6. d4 Nbd7 7. Qc2 0-0 8. 0-0 Re8 9. Rd1 b6 10. e4 dxe4 11. Ng5 Qc7 12. g3 e5 13. d5 Bb7 14. Ngxe4 Nxe4 15. Nxe4 cxd5 16. Nxd6 Qxd6 17. cxd5 Rac8 18. Qa4 Rc5 19. Qa3 Qc7 20. Be3 Rxd5 21. Rxd5 Bxd5 22. Rc1 Qb8 23. Ba6 Nf8 24. b4 Rd8 25. Qb2 Ne6 26. a4 Bf3 27. Qc3 Ba8 28. a5 Qd6 29. Qc4 Nd4 30. Bxd4 exd4 31. axb6 axb6 32. Bb5 g6 33. Bc6 Bxc6 34. Qxc6 Qxb4 35. Qc7 Qd6 36. Kf1 Kg7 37. Qxd6 Rxd6 38. Ke2 Kf6 39. Kd3 h5 40. Rc7 Ke6 41. h4 f6 42. f3 Kd5 43. g4 Rc6 44. Rd7+ Ke6 45. Rh7 Rc3+ 46. Ke4 hxg4 47. fxg4 Rh3 48. Rb7 Rxh4 49. Rxb6+ Kf7 50. Rb7+ Kg8 51. Kf3 Rh7 52. Rb8+ Kg7 53. Rd8 Rh3+ 54. Kf4 g5+ 55. Ke4 Rg3 56. Kf5 Rf3+ 0-1

[Event "FRA-chT2 0910"]
[Site "France"]
[Date "2009.10.17"]
[Round "2.3"]
[White "Luminais, Eric"]
[Black "Garrido, Denis"]
[Result "1-0"]
[WhiteElo "2183"]
[BlackElo "2314"]
[PlyCount "63"]
[EventDate "2009.09.27"]
[EventType "team-tourn"]
[EventRounds "11"]
[EventCountry "FRA"]
[SourceTitle "EXT 2011"]
[Source "ChessBase"]
[SourceDate "2010.11.26"]
[SourceVersion "1"]
[SourceVersionDate "2010.11.26"]
[SourceQuality "1"]

1. c4 c5 2. Nc3 g6 3. g3 Bg7 4. Bg2 Nc6 5. f4 e5 6. d3 Nge7 7. fxe5 Nxe5 8. Nf3 N7c6 9. Nxe5 Nxe5 10. 0-0 0-0 11. Nd5 d6 12. Rb1 a5 13. Bd2 Rb8 14. b3 Bd7 15. Qc1 Bc6 16. Bh6 f6 17. Bxg7 Kxg7 18. Qc3 Bxd5 19. Bxd5 b5 20. cxb5 Rxb5 21. Rf2 Rb8 22. e3 Qb6 23. Rd1 Rbc8 24. Rf4 Rc7 25. Ra4 Nc6 26. a3 Ne7 27. Bg2 Ra7 28. d4 Re8 29. dxc5 dxc5 30. g4 Nc6 31. Rd6 Rf7 32. Rxc6 1-0

[Event "FRA-chT2 0910"]
[Site "France"]
[Date "2009.10.04"]
[Round "1.4"]
[White "Luminais, Eric"]
[Black "Bedos, Michel"]
[Result "1-0"]
[WhiteElo "2183"]
[BlackElo "2277"]
[PlyCount "109"]
[EventDate "2009.09.27"]
[EventType "team-tourn"]
[EventRounds "11"]
[EventCountry "FRA"]
[SourceTitle "EXT 2011"]
[Source "ChessBase"]
[SourceDate "2010.11.26"]
[SourceVersion "1"]
[SourceVersionDate "2010.11.26"]
[SourceQuality "1"]

1. c4 e5 2. Nc3 Bb4 3. Qc2 Nc6 4. a3 Nd4 5. Qa4 Bxc3 6. dxc3 Ne6 7. Nf3 Nc5 8. Qc2 d6 9. Be3 Nd7 10. g4 b6 11. Bg2 Bb7 12. h3 h5 13. 0-0-0 Ne7 14. Rhg1 a5 15. Bh1 hxg4 16. hxg4 Qc8 17. Ng5 Nf6 18. Qa4+ Kf8 19. Bxb7 Qxb7 20. f3 Qc6 21. Qb3 a4 22. Qa2 Qe8 23. Rh1 Rxh1 24. Rxh1 Ng6 25. Qb1 Qc6 26. Qd3 Re8 27. Ne4 Nxe4 28. fxe4 Qd7 29. Rg1 Ne7 30. c5 bxc5 31. Bxc5 Qe6 32. Be3 Rb8 33. g5 Qh3 34. Ba7 Qh2 35. Qf3 Ra8 36. Rf1 Qf4+ 37. Be3 Qxf3 38. exf3 Ng6 39. Kc2 Ke7 40. Rh1 Rh8 41. Rxh8 Nxh8 42. Kd3 Ke6 43. Kc4 f5 44. gxf6 gxf6 45. Kb5 Kd7 46. Kxa4 Ng6 47. Bf2 Nf4 48. Bh4 Nd3 49. b4 Ke6 50. Kb5 Nf4 51. a4 d5 52. a5 c6+ 53. Kxc6 d4 54. cxd4 exd4 55. a6 1-0

[Event "FRA-chT1A 0809"]
[Site "France"]
[Date "2008.12.13"]
[Round "4.4"]
[White "Luminais, Eric"]
[Black "Vernay, Clovis"]
[Result "1/2-1/2"]
[WhiteElo "2203"]
[BlackElo "2341"]
[PlyCount "131"]
[EventDate "2008.10.19"]
[EventType "team-tourn"]
[EventRounds "11"]
[EventCountry "FRA"]
[SourceTitle "EXT 2010"]
[Source "ChessBase"]
[SourceDate "2010.11.25"]
[SourceVersion "1"]
[SourceVersionDate "2010.11.25"]
[SourceQuality "1"]
[WhiteTeam "Toulouse"]
[BlackTeam "Lyon Olympique"]
[WhiteTeamCountry "FRA"]
[BlackTeamCountry "FRA"]

1. e4 e6 2. d3 d5 3. Nd2 Nc6 4. g3 Nf6 5. Bg2 Be7 6. Ne2 e5 7. 0-0 dxe4 8. Nxe4 Nxe4 9. dxe4 Bg4 10. f3 Bc5+ 11. Kh1 Be6 12. b3 Qxd1 13. Rxd1 Nd4 14. Nxd4 Bxd4 15. Rb1 0-0-0 16. Bf1 f6 17. Kg2 g5 18. Rd3 g4 19. Bh6 Rdg8 20. c3 Bb6 21. fxg4 Rxg4 22. Re1 Rhg8 23. Kf3 R4g6 24. Be3 h5 25. Bxb6 axb6 26. Kf2 h4 27. Ree3 Rh8 28. Rd2 hxg3+ 29. hxg3 Rh1 30. Red3 Rg8 31. Rf3 Rf8 32. Kg2 Rh6 33. Kg1 Rfh8 34. Bg2 Rd8 35. Rfd3 Rg8 36. Kf2 b5 37. Rd1 Rgh8 38. R3d2 c6 39. Bf3 Kc7 40. Ke3 Rg6 41. Rg1 Ra8 42. Kf2 Rag8 43. Be2 R6g7 44. Bf3 Kb6 45. Rd6 Re7 46. Rd2 Kc5 47. Rh1 Reg7 48. Rh6 Rxg3 49. Rxf6 Bh3 50. Rd1 R3g7 51. Rh1 Bg4 52. Rg1 Bxf3 53. Rxg7 Rxg7 54. Kxf3 b4 55. cxb4+ Kxb4 56. Re6 Ka3 57. Rxe5 Kxa2 58. b4 b5 59. Rc5 Rc7 60. Rc3 Kb2 61. Rd3 Kc2 62. Ke3 c5 63. bxc5 b4 64. Rd4 Kc3 65. Rd3+ Kc2 66. Rd4 1/2-1/2

[Event "FRA-chT1A 0809"]
[Site "France"]
[Date "2008.10.19"]
[Round "1.4"]
[White "Alexieva, Silvia"]
[Black "Luminais, Eric"]
[Result "1-0"]
[WhiteElo "2352"]
[BlackElo "2203"]
[PlyCount "113"]
[EventDate "2008.10.19"]
[EventType "team-tourn"]
[EventRounds "11"]
[EventCountry "FRA"]
[SourceTitle "EXT 2010"]
[Source "ChessBase"]
[SourceDate "2010.11.25"]
[SourceVersion "1"]
[SourceVersionDate "2010.11.25"]
[SourceQuality "1"]
[WhiteTeam "Hyeres"]
[BlackTeam "Toulouse"]
[WhiteTeamCountry "FRA"]
[BlackTeamCountry "FRA"]

1. Nf3 d5 2. d4 e6 3. c4 Nf6 4. Nc3 c6 5. Bg5 h6 6. Bxf6 Qxf6 7. e3 Nd7 8. Bd3 dxc4 9. Bxc4 b5 10. Bd3 Bb7 11. a4 a6 12. e4 e5 13. axb5 cxb5 14. d5 Bc5 15. 0-0 0-0 16. Nd2 Rac8 17. Nb3 Bb6 18. Na5 Ba8 19. Ne2 Qd6 20. Ng3 g6 21. Qd2 Kg7 22. Kh1 Nc5 23. Bc2 Ne6 24. Nb3 Nd4 25. Nxd4 Bxd4 26. Bb3 Qb6 27. Kg1 Bb7 28. Ne2 Bc5 29. Bc2 Rc7 30. Bd3 Rfc8 31. g3 Qd6 32. Kg2 Bb4 33. Qe3 Qc5 34. Qxc5 Rxc5 35. f4 exf4 36. gxf4 f5 37. Nd4 Kg8 38. Ne6 Rxd5 39. exd5 Bxd5+ 40. Kg3 Bxe6 41. Rxa6 Kf7 42. Rb6 Bc4 43. Bxc4+ Rxc4 44. Ra1 Be7 45. Rxb5 Bd6 46. Rb7+ Ke6 47. Rb6 Rd4 48. Raa6 Kd7 49. Kg2 g5 50. Rb7+ Kc8 51. Rh7 Kb8 52. Rd7 Rd2+ 53. Kf1 Bxf4 54. Rxd2 Bxd2 55. Rxh6 g4 56. Rh5 f4 57. Rg5 1-0

[Event "FRA-chT1B 0708"]
[Site "France"]
[Date "2008.04.06"]
[Round "11.5"]
[White "Luminais, Eric"]
[Black "Becht, Lucas"]
[Result "1/2-1/2"]
[WhiteElo "2231"]
[BlackElo "2198"]
[PlyCount "155"]
[EventDate "2007.10.21"]
[EventType "team"]
[EventRounds "11"]
[EventCountry "FRA"]
[SourceTitle "EXT 2009"]
[Source "ChessBase"]
[SourceDate "2008.11.26"]
[SourceVersion "1"]
[SourceVersionDate "2008.11.26"]
[SourceQuality "1"]
[WhiteTeam "Toulouse"]
[BlackTeam "Gambsheim"]
[WhiteTeamCountry "FRA"]
[BlackTeamCountry "FRA"]

1. e4 c5 2. Nf3 Nc6 3. g3 e5 4. Nc3 Nge7 5. Bg2 g6 6. d3 Bg7 7. Nd2 d6 8. Nc4 Be6 9. 0-0 0-0 10. Ne3 Qd7 11. f4 exf4 12. gxf4 f5 13. Ncd5 Rae8 14. c3 Kh8 15. Rf2 Bg8 16. Bd2 fxe4 17. dxe4 Nxd5 18. Nxd5 Bxd5 19. exd5 Ne7 20. Qf1 Qf5 21. Qc4 Qg4 22. Re1 Nf5 23. Re6 Nh4 24. Qe2 Qxe2 25. Rfxe2 Rxe6 26. Rxe6 Nf5 27. Be4 Bh6 28. Bxf5 Rxf5 29. Rxd6 Rf7 30. Kg2 Kg7 31. Kg3 Kf8 32. Rd8+ Ke7 33. Ra8 Kd6 34. c4 b5 35. b3 bxc4 36. bxc4 Re7 37. Rc8 Re2 38. Ba5 Rxa2 39. Rd8+ Ke7 40. d6+ Ke6 41. Bc7 Rd2 42. Re8+ Kd7 43. Rh8 Kc6 44. Rxh7 Bf8 45. Rf7 Bxd6 46. Bxd6 Kxd6 47. Rxa7 Rc2 48. Ra6+ Ke7 49. Rxg6 Rxc4 50. h4 Rc1 51. h5 c4 52. Kg2 Rc2+ 53. Kf3 Rh2 54. Rg5 c3 55. Ke4 c2 56. Rc5 Rxh5 57. Rxc2 Ra5 58. Rc7+ Kf6 59. Rc6+ Kf7 60. Kf3 Rb5 61. Kg4 Ra5 62. Rc3 Kf6 63. Rc4 Ra6 64. Rc5 Rb6 65. Ra5 Rc6 66. Rh5 Kf7 67. Rh7+ Kf8 68. Kg5 Ra6 69. Rb7 Ra5+ 70. f5 Ra6 71. Rb8+ Kf7 72. Rb7+ Kf8 73. f6 Ra1 74. Rb8+ Kf7 75. Rb7+ Kf8 76. Rb8+ Kf7 77. Rb7+ Kf8 78. Rb8+ 1/2-1/2

[Event "FRA-chT1B 0708"]
[Site "France"]
[Date "2008.04.05"]
[Round "10.4"]
[White "Luminais, Eric"]
[Black "Hassler, Franck"]
[Result "0-1"]
[WhiteElo "2231"]
[BlackElo "2310"]
[PlyCount "80"]
[EventDate "2007.10.21"]
[EventType "team"]
[EventRounds "11"]
[EventCountry "FRA"]
[SourceTitle "EXT 2009"]
[Source "ChessBase"]
[SourceDate "2008.11.26"]
[SourceVersion "1"]
[SourceVersionDate "2008.11.26"]
[SourceQuality "1"]
[WhiteTeam "Toulouse"]
[BlackTeam "Mulhouse II"]
[WhiteTeamCountry "FRA"]
[BlackTeamCountry "FRA"]

1. e4 c5 2. Nf3 Nc6 3. g3 d6 4. Bg2 Nf6 5. Qe2 Bg4 6. c3 Ne5 7. d4 cxd4 8. cxd4 Nxf3+ 9. Bxf3 Bxf3 10. Qxf3 Qb6 11. e5 dxe5 12. dxe5 Nd7 13. 0-0 Nxe5 14. Qh5 Nc6 15. Be3 Qxb2 16. Nd2 g6 17. Qe2 Bg7 18. Rab1 Qxa2 19. Rxb7 0-0 20. Qf3 Rac8 21. Ne4 a5 22. Rd1 a4 23. h4 Ne5 24. Qg2 Qe2 25. Rf1 a3 26. Ra7 a2 27. Nd2 Rc2 28. Nb3 Nf3+ 29. Kh1 Rfc8 30. h5 Ne1 31. Qh3 Qd1 32. Bd2 Qf3+ 33. Kg1 Qxb3 34. Rxe1 Rd8 35. Be3 Rb2 36. Rd7 Rb8 37. hxg6 hxg6 38. Bh6 Rb1 39. Bxg7 Rxe1+ 40. Kg2 Kxg7 0-1

[Event "FRA-chT1B 0708"]
[Site "France"]
[Date "2008.03.15"]
[Round "8.4"]
[White "Larrat, Philippe"]
[Black "Luminais, Eric"]
[Result "0-1"]
[WhiteElo "2195"]
[BlackElo "2231"]
[PlyCount "54"]
[EventDate "2007.10.21"]
[EventType "team"]
[EventRounds "11"]
[EventCountry "FRA"]
[SourceTitle "EXT 2009"]
[Source "ChessBase"]
[SourceDate "2008.11.26"]
[SourceVersion "1"]
[SourceVersionDate "2008.11.26"]
[SourceQuality "1"]
[WhiteTeam "Creteil"]
[BlackTeam "Toulouse"]
[WhiteTeamCountry "FRA"]
[BlackTeamCountry "FRA"]

1. e4 c5 2. c3 e5 3. Nf3 Nc6 4. Bc4 Qc7 5. 0-0 Be7 6. Ng5 Nd8 7. d3 Nf6 8. f4 h6 9. Nf3 exf4 10. e5 Nh5 11. Nd4 g6 12. Nb5 Qxe5 13. d4 Qb8 14. Be2 a6 15. Bxh5 axb5 16. Bxf4 Qa7 17. Be2 Ne6 18. Be5 0-0 19. d5 c4+ 20. Kh1 Nc5 21. d6 Bg5 22. Qc2 Qa4 23. b3 cxb3 24. axb3 Qxa1 25. Bxb5 Ra2 26. Qd1 Qb2 27. Qf3 Qxb3 0-1

[Event "FRA-chT1B 0708"]
[Site "France"]
[Date "2007.12.16"]
[Round "5.4"]
[White "Claverie, Christophe"]
[Black "Luminais, Eric"]
[Result "1/2-1/2"]
[WhiteElo "2320"]
[BlackElo "2231"]
[PlyCount "89"]
[EventDate "2007.10.21"]
[EventType "team"]
[EventRounds "11"]
[EventCountry "FRA"]
[SourceTitle "EXT 2009"]
[Source "ChessBase"]
[SourceDate "2008.11.26"]
[SourceVersion "1"]
[SourceVersionDate "2008.11.26"]
[SourceQuality "1"]
[WhiteTeam "Besancon TPG"]
[BlackTeam "Toulouse"]
[WhiteTeamCountry "FRA"]
[BlackTeamCountry "FRA"]

1. d4 Nf6 2. Bg5 d5 3. Bxf6 exf6 4. e3 c6 5. c4 Qb6 6. Qd2 dxc4 7. Bxc4 Qb4 8. Qxb4 Bxb4+ 9. Nc3 Be6 10. Bxe6 fxe6 11. Nge2 Nd7 12. a3 Bd6 13. 0-0 Ke7 14. Rfc1 c5 15. Ne4 Rhc8 16. Nxd6 Kxd6 17. Rd1 Ke7 18. Rd2 Nb6 19. dxc5 Rxc5 20. Rad1 Rac8 21. f3 Rc2 22. Kf2 e5 23. e4 Rxd2 24. Rxd2 Na4 25. Ke3 Rc6 26. h3 a5 27. b3 Nc5 28. b4 axb4 29. axb4 Na4 30. Ra2 b5 31. Kd3 Rd6+ 32. Kc2 g6 33. Ra3 Rc6+ 34. Kb3 f5 35. exf5 gxf5 36. Ra1 Rb6 37. g3 Rd6 38. Kc2 Ke6 39. g4 f4 40. Re1 Rc6+ 41. Kb3 Kf6 42. h4 Rd6 43. Kc2 Rc6+ 44. Kb3 Rd6 45. Kc2 1/2-1/2

[Event "FRA-chT1B 0708"]
[Site "France"]
[Date "2007.11.25"]
[Round "3.4"]
[White "Luminais, Eric"]
[Black "Andonov, Bogomil"]
[Result "0-1"]
[WhiteElo "2231"]
[BlackElo "2361"]
[PlyCount "128"]
[EventDate "2007.10.21"]
[EventType "team"]
[EventRounds "11"]
[EventCountry "FRA"]
[SourceTitle "EXT 2009"]
[Source "ChessBase"]
[SourceDate "2008.11.26"]
[SourceVersion "1"]
[SourceVersionDate "2008.11.26"]
[SourceQuality "1"]
[WhiteTeam "Toulouse"]
[BlackTeam "Grasse"]
[WhiteTeamCountry "FRA"]
[BlackTeamCountry "FRA"]

1. e4 c5 2. Nf3 Nc6 3. d3 Nf6 4. g3 d5 5. Nbd2 Bg4 6. h3 Bh5 7. Bg2 e6 8. 0-0 h6 9. Re1 Be7 10. exd5 Nxd5 11. Nc4 Nb6 12. g4 Nxc4 13. gxh5 Nd6 14. Ne5 Nxe5 15. Rxe5 Rc8 16. Qg4 Bf6 17. Re2 b6 18. c3 Ke7 19. Bf4 Re8 20. Be4 Kf8 21. Bxd6+ Qxd6 22. f4 Rc7 23. f5 exf5 24. Qxf5 g6 25. Qf3 Re5 26. Rf1 Kg7 27. Ref2 Bh4 28. Rg2 g5 29. Qg4 Kf8 30. Qf3 Rce7 31. Qf6 Qxf6 32. Rxf6 Kg7 33. Rf4 Kf8 34. Rf6 R7e6 35. Rxe6 Rxe6 36. Re2 f5 37. Bf3 Rd6 38. Rd2 Bg3 39. Bb7 Kf7 40. Ba6 Kf6 41. Kg2 Bf4 42. Re2 g4 43. Re8 Kg5 44. Rf8 Bc1 45. Bc8 gxh3+ 46. Kh2 Bf4+ 47. Kxh3 Rxd3+ 48. Kg2 Rd5 49. c4 Re5 50. b3 Bc1 51. Kf2 f4 52. Rg8+ Kxh5 53. Bg4+ Kh4 54. Bf3 Be3+ 55. Kf1 Rg5 56. Rh8 Kg3 57. Ke2 Bd4 58. Rd8 h5 59. Bd5 h4 60. Rd7 h3 61. Rh7 f3+ 62. Kf1 f2 63. Be6 h2 64. Rh3+ Kf4 0-1

[Event "FRA-chT1B 0708"]
[Site "France"]
[Date "2007.10.21"]
[Round "1.2"]
[White "Luminais, Eric"]
[Black "Lacasa Diaz, Jose Antonio"]
[Result "1-0"]
[WhiteElo "2231"]
[BlackElo "2393"]
[PlyCount "83"]
[EventDate "2007.10.21"]
[EventType "team"]
[EventRounds "11"]
[EventCountry "FRA"]
[SourceTitle "EXT 2009"]
[Source "ChessBase"]
[SourceDate "2008.11.26"]
[SourceVersion "1"]
[SourceVersionDate "2008.11.26"]
[SourceQuality "1"]
[WhiteTeam "Toulouse"]
[BlackTeam "Avignon"]
[WhiteTeamCountry "FRA"]
[BlackTeamCountry "FRA"]

1. e4 c5 2. Nf3 e6 3. d3 d5 4. Nbd2 Nf6 5. g3 Nc6 6. Bg2 Be7 7. 0-0 0-0 8. Re1 Qc7 9. c3 dxe4 10. dxe4 Rd8 11. Qc2 b6 12. Nc4 Ba6 13. Bf1 b5 14. Bf4 Qc8 15. Ncd2 h6 16. h3 Nd7 17. g4 e5 18. Be3 Rb8 19. a4 b4 20. Nc4 Qc7 21. Nfd2 bxc3 22. bxc3 Nd4 23. cxd4 cxd4 24. Qa2 Bb4 25. Rec1 Nc5 26. Bxd4 exd4 27. Rab1 Qf4 28. Rc2 Nxe4 29. Nxe4 Qxe4 30. Rcb2 Qe7 31. Bd3 h5 32. Rb3 Qc5 33. Qe2 hxg4 34. hxg4 g6 35. Qe5 Qf8 36. Qf6 Be7 37. Qxa6 Rxb3 38. Rxb3 Qh6 39. Qxa7 Bh4 40. Ne5 Bxf2+ 41. Kg2 Rf8 42. Rb8 1-0

[Event "FRA-chT2 South 0607"]
[Site "France"]
[Date "2007.04.01"]
[Round "11.2"]
[White "Weill, Roland"]
[Black "Luminais, Eric"]
[Result "1/2-1/2"]
[WhiteElo "2261"]
[BlackElo "2213"]
[PlyCount "144"]
[EventDate "2006.10.15"]
[EventType "team"]
[EventRounds "11"]
[EventCountry "FRA"]
[SourceTitle "EXT 2008"]
[Source "ChessBase"]
[SourceDate "2007.11.25"]
[SourceVersion "1"]
[SourceVersionDate "2007.11.25"]
[SourceQuality "1"]
[WhiteTeam "L'Isle sur la Sorgue"]
[BlackTeam "Toulouse"]
[WhiteTeamCountry "FRA"]
[BlackTeamCountry "FRA"]

1. e4 c5 2. Nf3 e6 3. d3 Nc6 4. g3 d5 5. Nbd2 Nf6 6. Bg2 Be7 7. 0-0 0-0 8. Re1 b5 9. exd5 exd5 10. a4 b4 11. d4 Bg4 12. dxc5 Bxc5 13. Nb3 Bb6 14. Bg5 h6 15. Bxf6 Qxf6 16. a5 Bc7 17. Qxd5 Rad8 18. Qe4 Bh5 19. Ng5 hxg5 20. Qxc6 Be5 21. Qxf6 Bxf6 22. Rab1 Rfe8 23. Be4 Bg4 24. Bd3 Rxe1+ 25. Rxe1 Bxb2 26. Re4 Bf3 27. Re3 g4 28. h3 f5 29. hxg4 fxg4 30. Be2 Rc8 31. Bxf3 gxf3 32. Re6 Ba3 33. Re7 a6 34. Re6 Rxc2 35. Rxa6 Rc3 36. Rb6 Rxb3 37. a6 Rb1+ 38. Kh2 Ra1 39. a7 Bb2 40. Rb8+ Kf7 41. a8Q Rxa8 42. Rxa8 Bd4 43. Rb8 Bxf2 44. Rxb4 Be3 45. Rb3 f2 46. Kg2 Bc5 47. Rc3 Bd4 48. Rc4 Be3 49. Rc6 Bd4 50. Ra6 Bc5 51. g4 Be3 52. Kf1 Bc5 53. Ra5 Be3 54. Rf5+ Kg6 55. Kg2 Ba7 56. Kf1 Bb6 57. Ke2 Kh6 58. Rb5 Ba7 59. Ra5 Bd4 60. Ra4 Be3 61. Ra1 Bd4 62. Rd1 Ba7 63. Rd7 Be3 64. Rf7 Bb6 65. Rf5 g6 66. Rb5 Ba7 67. Kf1 Bd4 68. Kg2 Ba7 69. Rb1 Kg5 70. Kf3 Bd4 71. Rb5+ Kh4 72. Rb1 Ba7 1/2-1/2

[Event "FRA-chT2 South 0607"]
[Site "France"]
[Date "2007.02.11"]
[Round "7.3"]
[White "Lecoq, Julien"]
[Black "Luminais, Eric"]
[Result "0-1"]
[WhiteElo "2094"]
[BlackElo "2213"]
[PlyCount "86"]
[EventDate "2006.10.15"]
[EventType "team"]
[EventRounds "11"]
[EventCountry "FRA"]
[SourceTitle "EXT 2008"]
[Source "ChessBase"]
[SourceDate "2007.11.25"]
[SourceVersion "1"]
[SourceVersionDate "2007.11.25"]
[SourceQuality "1"]
[WhiteTeam "Pau Henri IV"]
[BlackTeam "Toulouse"]
[WhiteTeamCountry "FRA"]
[BlackTeamCountry "FRA"]

1. e4 c5 2. d4 cxd4 3. c3 dxc3 4. Nxc3 a6 5. Bc4 e6 6. Nf3 b5 7. Bb3 Bb7 8. Qe2 Ne7 9. Bg5 f6 10. Be3 Ng6 11. 0-0 Bd6 12. Rfd1 Qe7 13. Nd4 Nc6 14. Rd2 Nxd4 15. Bxd4 Bf4 16. Be3 Bc7 17. Rad1 Rd8 18. Qh5 0-0 19. a4 bxa4 20. Bxa4 d6 21. Bb3 Kh8 22. Rf1 Rb8 23. Ba2 f5 24. Bg5 Qe8 25. Rd3 Ne5 26. Rh3 Qxh5 27. Rxh5 Rbe8 28. exf5 exf5 29. Be3 f4 30. Bc1 g6 31. Rh4 Nd3 32. Bd2 Bd8 33. Rh3 Ne5 34. Nd5 f3 35. Bc3 h5 36. gxf3 Kh7 37. f4 Bxd5 38. Bxd5 Rxf4 39. Ra1 Bb6 40. Rxa6 Bxf2+ 41. Kh1 Bc5 42. Ra1 Ng4 43. Rf3 Re2 0-1